Cessioni più costose - Atletico Madrid - Statistics

Statistiche generali
  • Questo quiz è stato fatto 22 volte
  • Il punteggio medio è 12 su 21
Statistiche sulle risposte
Costo (M €) A Nazione Anno Calciatore % Corretto
120 Barcellona Francia 2019 Antoine Griezmann
100%
50 Arsenal Ghana 2020 Thomas Partey
95%
62,70 Manchester City Spagna 2019 Rodri
89%
38 Chelsea Brasile/Spagna 2014 Diego Costa
84%
43 Monaco Colombia 2013 Radamel Falcao
84%
40 Manchester City Argentina 2011 Sergio Agüero
84%
34 Barcellona Turchia 2015 Arda Turan
79%
30 Dalian Professional Belgio 2018 Yannick Carrasco
79%
80 Bayern Monaco Francia 2019 Lucas Hernández
74%
28,41 Lazio Italia 1998 Christian Vieri
68%
20 Juventus Spagna 2020 Álvaro Morata
63%
42 Guangzhou FC Colombia 2016 Jackson Martínez
63%
20 Chelsea Brasile 2014 Filipe Luís Kasmirski
53%
38 Liverpool Spagna 2007 Fernando Torres
47%
22 Benfica Messico 2015 Raúl Jiménez
32%
24 Real Madrid Francia 2017 Theo Hernández
32%
25 Manchester United Spagna 2011 David de Gea
26%
30 Monaco Portogallo 2019 Gelson Martins
16%
20 Porto Spagna 2017 Óliver Torres
16%
22,50 Chelsea Paesi Bassi 2000 Jimmy Floyd Hasselbaink
5%
21 Wolverhampton Spagna 2019 Jonny Otto
0%
Nessun quiz corrispondente trovato
Distribuzione punteggi
Percentuale di utenti per punteggio
Percentile per numero di risposta
I tuoi punteggi nel tempo
Non hai fatto questo quiz